[Event "Kolobrzeg op 10th"]
[Site "Kolobrzeg"]
[Date "2009.08.23"]
[Round "7"]
[White "Dachowski, Julian"]
[Black "Rabeda, Grzegorz"]
[Result "1-0"]
[WhiteElo "1933"]
[BlackElo "1604"]
[PlyCount "65"]
[EventDate "2009.08.17"]
[EventType "swiss"]
[EventRounds "9"]
[EventCountry "POL"]
[SourceTitle "CBM 131 Extra"]
[Source "ChessBase"]
[SourceDate "2009.09.03"]
[SourceVersion "2"]
[SourceVersionDate "2009.09.16"]
[SourceQuality "1"]

1. d4 d5 2. Nf3 Nf6 3. g3 g6 4. Bg2 Bg7 5. 0-0 0-0 6. Nbd2 Re8 7. c4 e6 8. Qc2 c6 9. Ne5 Nbd7 10. b3 Nxe5 11. dxe5 Ng4 12. h3 Nxe5 13. Bb2 Nd7 14. Bxg7 Kxg7 15. Rac1 f6 16. e3 Qe7 17. Qc3 Rb8 18. e4 dxc4 19. Nxc4 e5 20. Rfd1 Nf8 21. Qa5 b6 22. Qd2 Ne6 23. Qd6 Qxd6 24. Nxd6 Rd8 25. Rxc6 Nd4 26. Rc7+ Kh6 27. Nf7+ Kh5 28. Nxd8 h6 29. Nc6 Nxc6 30. Rxc6 Bb7 31. Rxf6 Rc8 32. h4 Ba6 33. Bf3# 1-0

[Event "POL-ch Seniors 18th"]
[Site "Rowy"]
[Date "2007.09.12"]
[Round "5.14"]
[White "Dachowski, Julian"]
[Black "Wrabel, Antoni"]
[Result "0-1"]
[WhiteElo "1953"]
[BlackElo "1872"]
[PlyCount "76"]
[EventDate "2007.09.09"]
[EventType "swiss"]
[EventRounds "9"]
[EventCountry "POL"]
[SourceTitle "EXT 2023"]
[Source "ChessBase"]
[SourceDate "2022.10.05"]
[SourceVersion "1"]
[SourceVersionDate "2022.10.05"]
[SourceQuality "1"]

1. d4 d5 2. Nf3 e6 3. g3 Nf6 4. Bg2 Be7 5. 0-0 0-0 6. Nbd2 Nbd7 7. c4 dxc4 8. Nxc4 Nb6 9. Nce5 c6 10. Bd2 Ne4 11. Ba5 Qe8 12. Qc2 Nd6 13. b3 f6 14. Nd3 Nd7 15. Nf4 Qf7 16. e4 g5 17. Ne2 g4 18. Nh4 e5 19. f4 Qg6 20. fxe5 fxe5 21. Rxf8+ Nxf8 22. Rd1 Nf7 23. Bc3 Bxh4 24. gxh4 Qh6 25. Ng3 Qxh4 26. dxe5 Ng6 27. Be1 Qe7 28. Nf5 Bxf5 29. exf5 Ngxe5 30. Kh1 Rd8 31. Rxd8+ Qxd8 32. Bg3 Qd4 33. Bf2 Qa1+ 34. Bg1 Qe1 35. Qf2 Qxf2 36. Bxf2 b6 37. Bg3 Kf8 38. Bf1 h5 0-1

[Event "POL-ch Seniors 18th"]
[Site "Rowy"]
[Date "2007.09.11"]
[Round "4.16"]
[White "Dachowski, Julian"]
[Black "Krawczyk, Zbigniew"]
[Result "1-0"]
[WhiteElo "1953"]
[BlackElo "1823"]
[PlyCount "67"]
[EventDate "2007.09.09"]
[EventType "swiss"]
[EventRounds "9"]
[EventCountry "POL"]
[SourceTitle "EXT 2023"]
[Source "ChessBase"]
[SourceDate "2022.10.05"]
[SourceVersion "1"]
[SourceVersionDate "2022.10.05"]
[SourceQuality "1"]

1. d4 Nf6 2. Nf3 d5 3. g3 Bf5 4. Bg2 h6 5. 0-0 e6 6. c4 c6 7. Nc3 dxc4 8. Ne5 Nbd7 9. Nxc4 Nb6 10. Ne5 Bd6 11. e4 Bh7 12. Nxf7 Kxf7 13. e5 Bxe5 14. dxe5 Qxd1 15. Rxd1 Nfd5 16. Ne4 Bxe4 17. Bxe4 Rhd8 18. Rd3 Kg8 19. b3 Rd7 20. Ba3 Rad8 21. Bd6 Nc8 22. Bc5 Nde7 23. Rxd7 Rxd7 24. Kf1 Nd5 25. Rc1 Kf7 26. Ke2 Kg8 27. f4 Ndb6 28. g4 Kf7 29. f5 Rd8 30. Rf1 Kg8 31. f6 Rd7 32. f7+ Rxf7 33. Bh7+ Kxh7 34. Rxf7 1-0

[Event "POL-ch Seniors 18th"]
[Site "Rowy"]
[Date "2007.09.10"]
[Round "2.1"]
[White "Kaluzny, Wlodzimierz"]
[Black "Dachowski, Julian"]
[Result "1-0"]
[WhiteElo "2155"]
[BlackElo "1953"]
[PlyCount "73"]
[EventDate "2007.09.09"]
[EventType "swiss"]
[EventRounds "9"]
[EventCountry "POL"]
[SourceTitle "EXT 2023"]
[Source "ChessBase"]
[SourceDate "2022.10.05"]
[SourceVersion "1"]
[SourceVersionDate "2022.10.05"]
[SourceQuality "1"]

1. d4 Nf6 2. Nf3 e6 3. Bg5 Be7 4. Nbd2 0-0 5. e3 d5 6. Bd3 c5 7. c3 Nc6 8. 0-0 cxd4 9. exd4 Ne8 10. Bxe7 Qxe7 11. Re1 Qf6 12. Ne5 Nxe5 13. Rxe5 g6 14. Re3 Qg7 15. Nf3 Nd6 16. Qb3 b5 17. Re2 a6 18. Qb4 Rd8 19. Rae1 Bb7 20. Qb3 Rac8 21. a3 Ba8 22. Qd1 Rc7 23. Ne5 f6 24. Nf3 Ne4 25. Nd2 e5 26. Nxe4 dxe4 27. Bxe4 Bxe4 28. Rxe4 Qf7 29. Qe2 exd4 30. Rxd4 Rxd4 31. cxd4 Kf8 32. h3 Qe7 33. Qxe7+ Rxe7 34. Rxe7 Kxe7 35. Kf1 Kd6 36. Ke2 Kd5 37. Kd3 1-0